[Event "English Online Blitz Gp2"]
[Site "chess.com INT"]
[Date "2020.05.09"]
[Round "2"]
[White "Baker, Chris W"]
[Black "Norinkeviciute, Rasa"]
[Result "1-0"]
[WhiteTitle "IM"]
[BlackTitle "WFM"]
[WhiteElo "2227"]
[BlackElo "2010"]
[WhiteFideId "401676"]
[BlackFideId "12801925"]
[EventDate "2020.05.09"]
[EventType "blitz"]

1. d4 d6 2. e4 Nf6 3. Nc3 Nbd7 4. Nf3 c6 5. a4 Qc7 6. Be2 e5 7. h3 Be7 8. O-O h6
9. Be3 g5 10. dxe5 dxe5 11. Nh2 Nf8 12. Bc4 Ng6 13. Qf3 Nf4 14. Bxf4 gxf4 15.
Rfd1 Rg8 16. Kh1 Bd7 17. Rd3 Rg7 18. Rad1 O-O-O 19. R3d2 Bb4 20. Bf1 Rgg8 21.
Bc4 Rg7 22. Bf1 Rgg8 23. Qe2 Be6 24. Rxd8+ Rxd8 25. Rxd8+ Qxd8 26. Qd3 Qd7 27.
Nf3 Qxd3 28. cxd3 Bd6 29. d4 Nd7 30. Bd3 Kc7 31. Kg1 a6 32. d5 cxd5 33. exd5 Nc5
34. dxe6 fxe6 35. Be4 Nb3 36. Kf1 Nc5 37. Ke2 Nd7 38. Nd2 Nf6 39. Nc4 Be7 40.
Nxe5 Bb4 41. f3 Kd6 42. Nf7+ Kc5 43. Bxb7 a5 44. Nxh6 Kc4 45. Ng4 Nh5 46. h4
Ng3+ 47. Kd1 Bxc3 48. bxc3 Kxc3 49. Nf6 Kb4 50. h5 Kxa4 51. h6 Nf5 52. h7 Ne3+
53. Ke2 Kb3 54. h8=Q a4 55. Ne4 Nf5 56. Qc3+ Ka2 57. Kf2 Ne3 58. Qd2+ Kb3 59.
Nc3 a3 60. Ba6 e5 61. Bc8 e4 62. Be6+ Kb4 63. Nxe4+ Kb5 64. Qd3+ Kb6 65. Qxa3
Nd1+ 66. Kg1 Ne3 67. Qd6+ Kb5 68. Qxf4 Nc2 69. Qe5+ Kb4 70. Qc3+ Kb5 71. Qxc2
Kb6 72. f4 Kb7 73. f5 1-0

[Event "English Online Blitz Gp2"]
[Site "chess.com INT"]
[Date "2020.05.09"]
[Round "2"]
[White "Alizada, Eldar"]
[Black "Harvey, Marcus R"]
[Result "0-1"]
[BlackTitle "FM"]
[WhiteElo "1922"]
[BlackElo "2440"]
[WhiteFideId "464104"]
[BlackFideId "400092"]
[EventDate "2020.05.09"]
[EventType "blitz"]

1. d4 Nf6 2. c4 e6 3. Nf3 Bb4+ 4. Bd2 Qe7 5. g3 O-O 6. Bg2 Bxd2+ 7. Qxd2 d6 8.
Nc3 e5 9. O-O Re8 10. dxe5 dxe5 11. Qc2 c6 12. Rfd1 Na6 13. a3 h6 14. Nd2 Be6
15. b3 Rad8 16. Nde4 Bf5 17. Nxf6+ Qxf6 18. Be4 Bg4 19. Rxd8 Rxd8 20. Rd1 Nc5
21. Bg2 Bc8 22. b4 Ne6 23. Ne4 Qe7 24. Rxd8+ Qxd8 25. Qd2 Qxd2 26. Nxd2 Nd4 27.
e3 Nc2 28. Nb1 Bf5 29. e4 Be6 30. Bf1 g5 31. Bd3 Ne1 32. Be2 Kf8 33. Kf1 Nc2 34.
Bd3 Nd4 35. Nc3 Nf3 36. Be2 Nd2+ 37. Ke1 Nxc4 38. Bxc4 Bxc4 39. Kd2 Ke7 40. Ke3
Kd6 41. f4 f6 42. fxg5 fxg5 43. h4 gxh4 44. gxh4 c5 45. bxc5+ Kxc5 46. Nd1 Be6
47. Kd3 b5 48. Ne3 a5 49. Kc3 b4+ 50. axb4+ axb4+ 51. Kd3 Kb5 52. Kc2 b3+ 53.
Kb2 Kb4 54. Nf5 h5 55. Ng7 Bg4 56. Ne8 Bd1 57. Nd6 Kc5 58. Nf7 Kd4 59. Ng5 Ke3
60. Kc3 Kf4 61. Nh3+ Ke3 62. Ng5 Bc2 63. Kb2 Kd4 64. Ne6+ Kxe4 65. Ng7 Bd1 66.
Kc1 Kd3 67. Kb2 e4 68. Ne6 e3 69. Nf4+ Ke4 70. Nxh5 Bxh5 71. Kxb3 Kd3 0-1

[Event "English Online Blitz Gp2"]
[Site "chess.com INT"]
[Date "2020.05.09"]
[Round "3"]
[White "Badacsonyi, Frankie"]
[Black "Rizvi, Nasir"]
[Result "0-1"]
[WhiteElo "1511"]
[BlackElo "1989"]
[WhiteFideId "460400"]
[BlackFideId "1800540"]
[EventDate "2020.05.09"]
[EventType "blitz"]

1. d4 Nf6 2. Bg5 e6 3. Nd2 d5 4. e3 Be7 5. Bd3 O-O 6. c3 b6 7. f4 Bb7 8. Ngf3
Ne4 9. Bxe7 Qxe7 10. Ne5 f6 11. Nef3 c5 12. O-O Nd7 13. Qc2 f5 14. Bxe4 fxe4 15.
Ne5 Rac8 16. Nb3 Nxe5 17. fxe5 Ba6 18. Rfe1 Rf5 19. Qd2 Rcf8 20. a4 Qf7 21. a5
Rf1+ 0-1

[Event "English Online Blitz Gp2"]
[Site "chess.com INT"]
[Date "2020.05.09"]
[Round "3"]
[White "Gallagher, Daniel GH"]
[Black "Greet, Andrew N"]
[Result "0-1"]
[BlackTitle "IM"]
[WhiteElo "2205"]
[BlackElo "2417"]
[WhiteFideId "436550"]
[BlackFideId "405817"]
[EventDate "2020.05.09"]
[EventType "blitz"]

1. e4 e5 2. Bc4 Nf6 3. d4 exd4 4. Nf3 Bb4+ 5. c3 dxc3 6. O-O d5 7. exd5 O-O 8.
Nxc3 Nbd7 9. Bg5 h6 10. Bh4 Nb6 11. Re1 Nxc4 12. Qd4 Bxc3 13. bxc3 Nd6 0-1

[Event "English Online Blitz Gp2"]
[Site "chess.com INT"]
[Date "2020.05.09"]
[Round "3"]
[White "Frostick, Clive A"]
[Black "Claridge-Hansen, William"]
[Result "0-1"]
[BlackTitle "FM"]
[WhiteElo "2108"]
[BlackElo "2290"]
[WhiteFideId "411302"]
[BlackFideId "422509"]
[EventDate "2020.05.09"]
[EventType "blitz"]

1. e4 c5 2. Nf3 g6 3. c3 d5 4. exd5 Qxd5 5. d4 Bg7 6. Be3 cxd4 7. Bxd4 Nf6 8.
Nbd2 O-O 9. Bc4 Qh5 10. Ne5 Ng4 11. Nxg4 Bxd4 12. h3 Bg7 13. Ne3 Qc5 14. Ne4 Qe5
15. Qf3 Nc6 16. Rd1 Be6 17. Bxe6 fxe6 18. Qg4 Rf4 19. Qg5 Rxe4 0-1

[Event "English Online Blitz Gp2"]
[Site "chess.com INT"]
[Date "2020.05.09"]
[Round "3"]
[White "Hunt, Adam C"]
[Black "Josse, Mark"]
[Result "1-0"]
[WhiteTitle "IM"]
[BlackTitle "CM"]
[WhiteElo "2398"]
[BlackElo "2235"]
[WhiteFideId "403970"]
[BlackFideId "414476"]
[EventDate "2020.05.09"]
[EventType "blitz"]

1. e4 c5 2. Nf3 e6 3. c3 d5 4. e5 d4 5. Bd3 Nc6 6. O-O Bd7 7. Be4 g5 8. cxd4
cxd4 9. d3 Be7 10. Re1 g4 11. Nfd2 h5 12. Nc4 Qc7 13. Bf4 O-O-O 14. Nba3 a6 15.
Nd6+ Bxd6 16. exd6 Qb6 17. Nc4 Qa7 18. a4 Kb8 19. a5 Nh6 20. Nb6 f5 21. Nxd7+
Rxd7 22. Bxc6 bxc6 23. Rxe6 Nf7 24. Ra4 Kc8 25. Rb4 Qc5 26. Qb3 Nxd6 27. Rb8+
Kc7 28. Qb7# 1-0

[Event "English Online Blitz Gp2"]
[Site "chess.com INT"]
[Date "2020.05.09"]
[Round "3"]
[White "Davis, Holden"]
[Black "Bettley, Andrew D"]
[Result "1-0"]
[WhiteElo "1882"]
[BlackElo "1501"]
[WhiteFideId "440019"]
[BlackFideId "471950"]
[EventDate "2020.05.09"]
[EventType "blitz"]

1. e4 e5 2. Nf3 Nf6 3. Nxe5 d6 4. Nf3 Nxe4 5. Nc3 Nxc3 6. dxc3 Be7 7. Bd3 Be6 8.
Be3 c6 9. Qd2 Nd7 10. a3 Ne5 11. Nxe5 dxe5 12. O-O-O O-O 13. Qe2 Qc7 14. Qh5 g6
15. Qe2 Qa5 16. h4 Bxa3 17. bxa3 Qxa3+ 18. Kd2 Rad8 19. Ra1 Qe7 20. f3 a6 21. h5
c5 22. Ke1 c4 23. Bxc4 Qc7 24. Bxe6 Qxc3+ 25. Kf2 fxe6 26. hxg6 hxg6 27. Rad1 a5
28. Rh6 Kg7 29. Rdh1 Rh8 30. Rxh8 Rxh8 31. Rxh8 Kxh8 32. Qd3 Qc7 33. Qxg6 a4 34.
Bg5 Qc5+ 35. Kg3 e4 36. Bf6# 1-0

[Event "English Online Blitz Gp2"]
[Site "chess.com INT"]
[Date "2020.05.09"]
[Round "3"]
[White "Rudd, Jack"]
[Black "Longson, Sarah N"]
[Result "1-0"]
[WhiteTitle "IM"]
[BlackTitle "WFM"]
[WhiteElo "2331"]
[BlackElo "2039"]
[WhiteFideId "405736"]
[BlackFideId "2501465"]
[EventDate "2020.05.09"]
[EventType "blitz"]

1. d4 d5 2. c4 dxc4 3. Nf3 Nf6 4. e3 e6 5. Bxc4 c5 6. O-O a6 7. a4 Be7 8. Nc3
O-O 9. d5 exd5 10. Nxd5 Nxd5 11. Qxd5 Nc6 12. b3 Qxd5 13. Bxd5 Nb4 14. Bc4 Be6
15. Bb2 Bxc4 16. bxc4 f6 17. Rfd1 Rfd8 18. Kf1 Kf7 19. Ke2 h5 20. Bc3 a5 21. Nd2
f5 22. Nf1 g6 23. Nd2 Rd7 24. Nb3 Rad8 25. Rxd7 Rxd7 26. Nxa5 b6 27. Bxb4 cxb4
28. Nc6 Bf6 29. Rb1 Rc7 30. Nxb4 Rxc4 31. Nd5 Rc2+ 32. Kf3 Be5 33. g3 g5 34.
Rxb6 g4+ 35. Kg2 h4 36. gxh4 Ra2 37. Ra6 Bb8 38. h5 Be5 39. h6 Kg8 40. Ra7 Rd2
41. Ne7+ Kf8 42. Ng6+ 1-0

[Event "English Online Blitz Gp2"]
[Site "chess.com INT"]
[Date "2020.05.09"]
[Round "3"]
[White "Tan, Justin2"]
[Black "Stoyanov, Viktor"]
[Result "1-0"]
[WhiteTitle "GM"]
[WhiteElo "2496"]
[BlackElo "2240"]
[WhiteFideId "3206882"]
[BlackFideId "450308"]
[EventDate "2020.05.09"]
[EventType "blitz"]

1. e4 c6 2. Nf3 d5 3. Nc3 dxe4 4. Nxe4 Nf6 5. Qe2 Nxe4 6. Qxe4 Qd5 7. Qf4 Qf5 8.
Qe3 Qe6 9. d4 Qxe3+ 10. Bxe3 g6 11. O-O-O Bg7 12. Bc4 Nd7 13. Rhe1 Nb6 14. Bd3
h6 15. Kb1 Be6 16. Bc1 O-O-O 17. Bxg6 Bxa2+ 18. Kxa2 fxg6 19. Rxe7 Rd7 20. Re6
g5 21. c3 Rf8 22. h3 Nd5 23. Rde1 Kc7 24. R1e2 Rdf7 25. Bd2 b5 26. b3 Kd7 27. c4
Nc7 28. R6e4 bxc4 29. bxc4 Re8 30. Rxe8 Nxe8 31. Bb4 Rf4 32. Re7+ Kd8 33. Rxa7
Bxd4 34. Be7+ Kc8 35. Nxd4 Rxd4 36. Ra8+ Kc7 37. Rxe8 Rd2+ 38. Kb3 Rxf2 39. Bc5
Rxg2 40. Re7+ Kd8 41. Rh7 Rg3+ 42. Kb4 Rxh3 43. Be7+ Kc7 44. Bxg5+ Kb6 45. Rxh6
Rg3 46. Bd8+ Kb7 47. Kc5 1-0

[Event "English Online Blitz Gp2"]
[Site "chess.com INT"]
[Date "2020.05.09"]
[Round "3"]
[White "Baker, Chris W"]
[Black "Rendle, Thomas E"]
[Result "1/2-1/2"]
[WhiteTitle "IM"]
[BlackTitle "IM"]
[WhiteElo "2227"]
[BlackElo "2365"]
[WhiteFideId "401676"]
[BlackFideId "408760"]
[EventDate "2020.05.09"]
[EventType "blitz"]

1. e4 e6 2. d4 d5 3. exd5 exd5 4. Bd3 Bd6 5. Ne2 Ne7 6. O-O Bf5 7. Bf4 O-O 8.
Nbc3 c6 9. Bxd6 Qxd6 10. Ng3 Bg6 11. Re1 Nd7 12. Qf3 Rae8 13. Re2 Bxd3 14. Qxd3
Ng6 15. Nh5 Rxe2 16. Nxe2 Re8 17. c3 Nf6 18. Neg3 Nxh5 19. Nxh5 Qe6 20. h3 Qe2
21. Qxe2 Rxe2 22. Rb1 f6 23. Kf1 Rc2 24. g3 Kf7 25. Kg2 Re2 26. Kf3 Re4 27. a4
Nf8 28. Nf4 g5 29. Nd3 Nd7 30. a5 Ke6 31. Nb4 Kd6 32. Nd3 h5 33. g4 h4 34. b4
Re8 35. Nc5 b6 36. Nxd7 Kxd7 37. axb6 axb6 38. Ra1 Rc8 39. Ra6 b5 40. Ra7+ Rc7
41. Rxc7+ Kxc7 42. Ke3 Kd6 43. f3 Ke6 1/2-1/2

[Event "English Online Blitz Gp2"]
[Site "chess.com INT"]
[Date "2020.05.09"]
[Round "3"]
[White "Miller, George"]
[Black "Starley, Robert"]
[Result "1/2-1/2"]
[WhiteElo "1815"]
[BlackElo "2084"]
[WhiteFideId "343114090"]
[BlackFideId "421006"]
[EventDate "2020.05.09"]
[EventType "blitz"]

1. d4 Nf6 2. Nf3 d5 3. g3 e6 4. Bg2 Be7 5. O-O O-O 6. c4 c6 7. Nc3 b6 8. Nd2 Ba6
9. b3 Nbd7 10. e4 dxe4 11. Ndxe4 Rc8 12. Bb2 Nxe4 13. Nxe4 Nf6 14. Qc2 Nxe4 15.
Qxe4 Bf6 16. Rad1 Qc7 17. Ba3 Rfd8 18. h4 c5 19. dxc5 bxc5 20. Bc1 g6 21. Bf4
Qa5 22. Qc2 Rd4 23. Be3 Rxd1 24. Rxd1 Rd8 25. Rxd8+ Qxd8 26. Bh6 Qd7 27. Qd2 Qc7
28. Bf3 Bb7 29. Bxb7 Qxb7 30. Qd6 Qc8 31. a3 Bg7 32. Bxg7 Kxg7 33. b4 cxb4 34.
Qd4+ Kg8 35. axb4 Qc7 36. c5 a6 37. Kf1 Qb7 38. Ke2 e5 39. Qd8+ Kg7 40. Qb6 Qe4+
41. Kf1 Qh1+ 42. Ke2 Qe4+ 43. Kf1 Qh1+ 44. Ke2 Qe4+ 1/2-1/2

[Event "English Online Blitz Gp2"]
[Site "chess.com INT"]
[Date "2020.05.09"]
[Round "3"]
[White "Damodaran, Patrick"]
[Black "Payne, Matthew J"]
[Result "0-1"]
[WhiteElo "1498"]
[BlackElo "2150"]
[WhiteFideId "465429"]
[BlackFideId "417084"]
[EventDate "2020.05.09"]
[EventType "blitz"]

1. c4 Nf6 2. g3 g6 3. Bg2 Bg7 4. Nf3 O-O 5. O-O d6 6. d4 Nbd7 7. Nc3 e5 8. dxe5
Nxe5 9. Nxe5 dxe5 10. Qxd8 Rxd8 11. Bg5 Re8 12. Bxf6 Bxf6 13. Nd5 Bd8 14. Rad1
c6 15. Nc3 Bb6 16. Ne4 Rd8 17. c5 Bc7 18. Rxd8+ Bxd8 19. Nd6 Be7 20. Rd1 Rb8 21.
b4 Be6 22. a3 a6 23. e4 b6 24. f4 bxc5 25. bxc5 f6 26. f5 Bb3 27. Rb1 a5 28. a4
Rb4 29. fxg6 hxg6 30. Rf1 Bxa4 31. Bh3 Kg7 32. Bg2 Rd4 33. Nb7 Rd7 34. Nxa5
Bxc5+ 35. Kh1 Bb4 36. Nc4 Bb5 37. Rb1 Bxc4 38. Rxb4 Rd1+ 39. Bf1 Bxf1 40. Rb7+
Kh6 41. h4 Ba6+ 42. Kh2 Bxb7 43. h5 gxh5 44. Kh3 c5 45. g4 Bxe4 46. g5+ fxg5 47.
Kg3 g4 48. Kh4 Rh1+ 49. Kg3 Rh3+ 50. Kf2 g3+ 51. Ke2 g2 52. Kd2 g1=Q 53. Ke2
Qe3+ 54. Kd1 Rh1# 0-1

[Event "English Online Blitz Gp2"]
[Site "chess.com INT"]
[Date "2020.05.09"]
[Round "3"]
[White "Harvey, Marcus R"]
[Black "Sygnowski, Tomasz"]
[Result "1-0"]
[WhiteTitle "FM"]
[WhiteElo "2440"]
[BlackElo "2143"]
[WhiteFideId "400092"]
[BlackFideId "1115880"]
[EventDate "2020.05.09"]
[EventType "blitz"]

1. d4 Nf6 2. c4 e6 3. Nc3 d5 4. cxd5 exd5 5. Bg5 c6 6. e3 Bf5 7. Bd3 Bg6 8. Nge2
Nbd7 9. O-O Bd6 10. Bf4 Qe7 11. a3 O-O 12. Qc2 Rfe8 13. b4 Rac8 14. Bxd6 Qxd6
15. Ng3 Ng4 16. Bxg6 hxg6 17. Nce2 Ndf6 18. h3 Nh6 19. Rfc1 Ne4 20. Nxe4 dxe4
21. Qc5 Qf6 22. Qxa7 Re7 23. Ng3 g5 24. Qc5 Rd8 25. Nh5 Qe6 26. Qxg5 f6 27. Qg3
Nf5 28. Qg4 Kf7 29. Ng3 Rd5 30. Rc5 Rxc5 31. bxc5 Nh6 32. Qxe6+ Rxe6 33. Rb1 Re7
34. a4 f5 35. a5 g6 36. Rb6 Rc7 37. Ne2 Ng8 38. h4 Ne7 39. Nf4 Kf6 40. d5 1-0

[Event "English Online Blitz Gp2"]
[Site "chess.com INT"]
[Date "2020.05.09"]
[Round "3"]
[White "Gormally, Daniel W"]
[Black "Haydon, David L"]
[Result "1/2-1/2"]
[WhiteTitle "GM"]
[BlackTitle "FM"]
[WhiteElo "2479"]
[BlackElo "2294"]
[WhiteFideId "406465"]
[BlackFideId "415405"]
[EventDate "2020.05.09"]
[EventType "blitz"]

1. e4 c6 2. Nc3 d5 3. Nf3 Bg4 4. h3 Bxf3 5. Qxf3 e6 6. d4 Nf6 7. Bd3 dxe4 8.
Nxe4 Qxd4 9. O-O Nbd7 10. c3 Qb6 11. Qg3 Nxe4 12. Bxe4 Nf6 13. Bc2 g6 14. Be3
Qb5 15. a4 Qa5 16. b4 Qd8 17. Rfd1 Qb8 18. Bf4 Qc8 19. Be5 Bg7 20. Bd6 Nd5 21.
c4 Nb6 22. Bb3 Bxa1 23. Rxa1 f6 24. Re1 Kf7 25. a5 Nd7 26. c5 Re8 27. Qh4 Kg7
28. f4 e5 29. f5 Qd8 30. Bc2 Nf8 31. g4 g5 32. Qg3 Re7 33. h4 h6 34. hxg5 hxg5
35. Kg2 Rd7 36. Rd1 Rxd6 37. Rxd6 Qe7 38. Qd3 e4 39. Qxe4 Qxe4+ 40. Bxe4 a6 41.
Kf3 Re8 42. Ke3 Kf7 43. Kd4 Ke7 44. Bd3 Nd7 45. Re6+ Kd8 46. Rxe8+ Kxe8 47. Be2
Ne5 48. Ke4 Kd7 49. Kd4 Kc7 50. Ke4 Nf7 51. Kd4 Kd7 52. Ke4 Ke7 53. Kd4 Ne5 54.
Ke4 Nd7 55. Kd4 Nf8 56. Ke4 Kd7 57. Kd4 Kc7 58. Ke4 Nd7 59. Kd4 Ne5 60. Ke4 Kd7
61. Kd4 1/2-1/2

[Event "English Online Blitz Gp2"]
[Site "chess.com INT"]
[Date "2020.05.09"]
[Round "3"]
[White "Kalavannan, Koby"]
[Black "Grieve, Harry"]
[Result "0-1"]
[WhiteTitle "FM"]
[BlackTitle "FM"]
[WhiteElo "2324"]
[BlackElo "2355"]
[WhiteFideId "425753"]
[BlackFideId "426520"]
[EventDate "2020.05.09"]
[EventType "blitz"]

1. d4 d5 2. Nf3 e6 3. g3 b5 4. Bg2 Bb7 5. O-O Nf6 6. a4 b4 7. c3 bxc3 8. bxc3 c5
9. Ba3 Nbd7 10. Nbd2 Be7 11. Nb3 Rc8 12. a5 Ba6 13. Re1 O-O 14. Nfd2 cxd4 15.
Bxe7 Qxe7 16. cxd4 Rc3 17. Rc1 Rfc8 18. Rxc3 Rxc3 19. Qa1 Rc7 20. Qa4 Qd6 21. e3
h6 22. Bf1 Bxf1 23. Rxf1 a6 24. Rb1 Rc6 25. Nc1 Ne4 26. Nxe4 dxe4 27. Ne2 Nf6
28. h3 Qc7 29. Qb4 Kh7 30. Kg2 Rc2 31. Nf4 g5 32. Qb6 gxf4 33. gxf4 Nd5 34. Qxc7
Rxc7 35. Rb8 Rc2 36. Kg3 Ra2 37. Rb7 Kg6 38. f3 exf3 39. Kxf3 Rxa5 40. e4 Ra3+
41. Kf2 Nf6 42. e5 Ne4+ 43. Ke2 Rxh3 44. Ra7 Ra3 45. Rb7 h5 46. Rb6 h4 47. d5 h3
48. dxe6 fxe6 49. Rxe6+ Kf5 50. Rh6 h2 51. Kf1 h1=Q+ 52. Rxh1 Ng3+ 53. Kg2 Nxh1
54. Kxh1 Kxf4 55. e6 Re3 56. e7 Rxe7 57. Kg2 a5 58. Kf2 a4 59. Kg2 a3 60. Kh3 a2
61. Kh4 a1=Q 62. Kh5 Qh8+ 63. Kg6 Re6+ 64. Kf7 Qf6+ 65. Kg8 Re8+ 66. Kh7 Rh8# 0-1

[Event "English Online Blitz Gp2"]
[Site "chess.com INT"]
[Date "2020.05.09"]
[Round "3"]
[White "Burnett, Leon P"]
[Black "Robson, Adrian"]
[Result "0-1"]
[WhiteElo "1834"]
[BlackElo "1484"]
[WhiteFideId "444448"]
[BlackFideId "1544659"]
[EventDate "2020.05.09"]
[EventType "blitz"]

1. c4 e6 2. e4 d5 3. exd5 exd5 4. d4 Nf6 5. Nc3 Bb4 6. Nf3 O-O 7. Be2 dxc4 8.
Bxc4 Nbd7 9. O-O Nb6 10. Bb3 h6 11. Ne5 Nbd5 12. Qf3 Be6 13. Bc2 c6 14. Re1 Qb6
15. Rd1 Rad8 16. Nxd5 Rxd5 17. a3 Be7 18. Qd3 Rfd8 19. Be3 Rxe5 20. dxe5 Rxd3
21. Bxb6 Rxd1+ 22. Rxd1 Nd7 23. Bd4 Kf8 24. Bc3 Bd5 25. f4 Bc5+ 26. Kf1 g6 27.
Bd3 Ke7 28. b4 Bb6 29. a4 Nf8 30. a5 Bc7 31. b5 Ne6 32. bxc6 Bxc6 33. g3 a6 34.
Be2 Nc5 35. Kf2 Ne4+ 36. Ke3 Nxc3 37. Rc1 Nxe2 38. Kxe2 Bxa5 39. Ke3 Bc7 40. Kd4
Bb6+ 41. Kd3 Bb5+ 42. Kc3 Bc6 43. Rd1 Bc7 44. Rd3 a5 45. Kb2 a4 46. Rd1 Ke6 47.
h4 Kf5 0-1

[Event "English Online Blitz Gp2"]
[Site "chess.com INT"]
[Date "2020.05.09"]
[Round "3"]
[White "Webster, Vivien"]
[Black "Boyd, John"]
[Result "0-1"]
[WhiteElo "1590"]
[BlackElo "2212"]
[WhiteFideId "471968"]
[BlackFideId "405132"]
[EventDate "2020.05.09"]
[EventType "blitz"]

1. e4 d5 2. exd5 Nf6 3. Nf3 Bg4 4. Be2 Qxd5 5. O-O Nc6 6. Nc3 Qh5 7. d4 O-O-O 8.
Bf4 e5 9. Bg3 exd4 10. Nb5 Nd5 11. h3 Bxh3 12. gxh3 Qxh3 13. Nh4 f5 14. Bf3 g6
15. Bg2 Qg4 16. Qd3 f4 17. Bf3 Qg5 18. Bxd5 Rxd5 19. Nf3 Qg4 20. Ne5 Rxe5 21.
Nxd4 Nxd4 22. Qxd4 Bd6 23. Qd3 fxg3 24. Qxg3 Qxg3+ 25. fxg3 Re2 26. Rf2 Rxf2 27.
Kxf2 Rf8+ 28. Kg2 Re8 29. Rf1 Re2+ 30. Rf2 Rxf2+ 31. Kxf2 Kd7 32. Kf3 Ke6 33. g4
h5 34. gxh5 gxh5 35. Kg2 Kf5 36. Kh3 Kg5 37. b3 h4 38. Kg2 Kg4 39. Kh1 b5 40.
Kg2 h3+ 41. Kh1 b4 42. Kg1 h2+ 43. Kg2 a5 44. Kh1 Kh3 45. a4 bxa3 46. c4 a2 47.
c5 a1=Q# 0-1

[Event "English Online Blitz Gp2"]
[Site "chess.com INT"]
[Date "2020.05.09"]
[Round "3"]
[White "Dong, Bao Nghia"]
[Black "Walton, Alan J"]
[Result "1/2-1/2"]
[WhiteTitle "CM"]
[BlackTitle "CM"]
[WhiteElo "2227"]
[BlackElo "2120"]
[WhiteFideId "12400343"]
[BlackFideId "409898"]
[EventDate "2020.05.09"]
[EventType "blitz"]

1. d4 e6 2. c4 f5 3. Nc3 Nf6 4. g3 Be7 5. Bg2 O-O 6. Nf3 d6 7. O-O Ne4 8. Qc2
Nxc3 9. Qxc3 a5 10. Rd1 Qe8 11. Nd2 Nc6 12. e4 Bf6 13. e5 dxe5 14. d5 Nd4 15.
Re1 Qh5 16. Nf3 Nxf3+ 17. Bxf3 Qg6 18. Bg2 e4 19. Qc2 Bd7 20. Bd2 Qf7 21. Bc3
Bxc3 22. Qxc3 exd5 23. cxd5 Qxd5 24. Qxc7 Bc6 25. Rad1 Qxa2 26. Qb6 Qf7 27. Bf1
Kh8 28. Rd6 f4 29. Qd4 fxg3 30. hxg3 Rae8 31. Bc4 Qh5 32. Be2 Qh3 33. Bf1 Qf5
34. Bg2 Re7 35. Qe3 Qe5 36. Red1 Qxb2 37. Rd8 Qf6 38. Rxf8+ Qxf8 39. Qb6 Re8 40.
Qxa5 h6 41. Qc3 Qf5 42. Rd6 Qg5 43. Qd4 e3 44. fxe3 Rxe3 45. g4 Bxg2 46. Kxg2
Re8 47. Kf3 Qh4 48. Kg2 Rf8 49. Rd7 Qg5 50. Rxb7 h5 51. Rb4 hxg4 52. Qxg4 Qxg4+
53. Rxg4 Kh7 54. Kg3 Rf6 55. Rb4 Rg6+ 56. Kf4 Kh6 57. Kf5 Rg5+ 58. Kf4 g6 59.
Rb8 Rf5+ 60. Kg4 Kg7 61. Rb7+ 1/2-1/2

[Event "English Online Blitz Gp2"]
[Site "chess.com INT"]
[Date "2020.05.09"]
[Round "3"]
[White "Bayat, Shohreh"]
[Black "Norinkeviciute, Rasa"]
[Result "1/2-1/2"]
[WhiteTitle "WFM"]
[BlackTitle "WFM"]
[WhiteElo "2091"]
[BlackElo "2010"]
[WhiteFideId "12501018"]
[BlackFideId "12801925"]
[EventDate "2020.05.09"]
[EventType "blitz"]

1. d4 d6 2. e4 Nf6 3. Nc3 Nbd7 4. Bg5 c6 5. Nf3 Qc7 6. Be2 e5 7. O-O Be7 8. Be3
h6 9. Qd2 g5 10. dxe5 dxe5 11. Rad1 Rg8 12. a3 Nf8 13. b4 Ng6 14. Bc4 Nf4 15. g3
Bh3 16. Rfe1 Rd8 17. Qc1 a6 18. Rxd8+ Bxd8 19. Bf1 Be6 20. Bg2 Nxg2 21. Kxg2 Ng4
22. Rd1 Be7 23. Qd2 Nxe3+ 24. Qxe3 f6 25. Na4 Kf7 26. Nc5 Bxc5 27. Qxc5 Rd8 28.
Rd3 Rd7 29. Nd2 Qd8 30. Qc3 Rd4 31. Nf3 Rd7 32. Rxd7+ Qxd7 33. Qd3 Ke7 34. Nd2
Bh3+ 35. Kg1 Be6 36. Qxd7+ Kxd7 37. f3 Kd6 38. Kf2 b6 39. Ke3 Bf7 40. c4 c5 41.
Kd3 Be6 42. Kc3 h5 43. Nf1 Bh3 44. Ne3 Be6 45. bxc5+ Kxc5 46. Nd5 Bxd5 47. cxd5
f5 48. Kd3 b5 49. h3 a5 50. Kc3 g4 51. fxg4 h4 52. gxh4 f4 53. g5 f3 54. Kd2 b4
55. g6 bxa3 56. g7 a2 57. g8=Q a1=Q 58. Qc8+ Kb6 59. Qd8+ Ka6 60. Qc8+ Kb6 61.
Qc6+ Ka7 62. Qc7+ Ka6 63. Qc6+ Ka7 64. Qc7+ Ka6 65. Qc6+ Ka7 1/2-1/2

[Event "English Online Blitz Gp2"]
[Site "chess.com INT"]
[Date "2020.05.09"]
[Round "3"]
[White "Allis, Richard"]
[Black "Ashworth, Michael"]
[Result "1-0"]
[WhiteElo "2052"]
[BlackElo "2012"]
[WhiteFideId "435791"]
[BlackFideId "425044"]
[EventDate "2020.05.09"]
[EventType "blitz"]

1. d4 Nf6 2. Nf3 e6 3. Bg5 h6 4. Bxf6 Qxf6 5. Nbd2 d5 6. e4 Nc6 7. c3 Bd7 8. Bd3
dxe4 9. Nxe4 Qd8 10. O-O Be7 11. Re1 O-O 12. Rc1 Bf6 13. Bb1 Re8 14. Qd3 g6 15.
Nxf6+ Qxf6 16. Ne5 Rad8 17. Qh3 Qg7 18. Ng4 h5 19. Ne5 Nxe5 20. dxe5 Bc6 21. Qe3
b6 22. f4 Bb7 23. Rcd1 c5 24. b3 Qf8 25. c4 Rxd1 26. Rxd1 Rd8 27. Rd3 Bc6 28.
Qd2 Rxd3 29. Qxd3 Qe7 30. Kf2 Qd7 31. Qxd7 Bxd7 32. Be4 Kf8 33. Ke3 Ke7 34. g3
Be8 35. Kd3 Kd7 36. Kc3 Kc7 37. a3 Bc6 38. Bd3 Bf3 39. b4 Kc6 40. Bc2 Bg2 41.
Ba4+ Kc7 42. Be8 Be4 43. bxc5 bxc5 44. Kb3 Bf5 45. Ka4 Kb6 46. Bxf7 a6 47. Kb3
Ka5 48. Be8 Kb6 49. Kc3 Kc7 50. Kd2 Kd8 51. Ba4 Ke7 52. Bc6 Kd8 53. Bb7 a5 54.
Bf3 Ke7 55. Kc3 Kd8 56. Bg2 Kc7 57. Bf3 Kd8 58. Bd1 Kc7 59. Kd2 Kb6 60. Be2 Kc7
61. Ke3 Kd8 62. Kf2 Ke7 63. Kg2 Be4+ 64. Kg1 Bf5 65. Bf1 Kf7 66. h3 Kg7 67. Kh2
Kh6 68. Be2 Be4 69. g4 hxg4 70. hxg4 Bc2 71. Kg3 g5 72. f5 exf5 73. gxf5 Bxf5
74. Bg4 Bd3 75. Be6 Kg6 76. Bd5 Kf5 77. e6 Kf6 78. Kg4 Bf5+ 79. Kf3 Bxe6 80. Bc6
Bxc4 81. Ke4 Bf1 82. Bd7 Bg2+ 83. Kd3 Ke5 84. Kc4 Kd6 85. Bg4 Bd5+ 86. Kb5 c4
87. Kxa5 Kc5 88. Bf5 c3 89. Ka6 g4 90. Bxg4 c2 91. a4 c1=Q 92. Bd7 1-0

[Event "English Online Blitz Gp2"]
[Site "chess.com INT"]
[Date "2020.05.09"]
[Round "4"]
[White "Hebden, Mark L"]
[Black "Stepanyan, Henrik"]
[Result "1-0"]
[WhiteTitle "GM"]
[WhiteElo "2453"]
[BlackElo "2196"]
[WhiteFideId "400084"]
[BlackFideId "401030"]
[EventDate "2020.05.09"]
[EventType "blitz"]

1. d4 d5 2. Nc3 Nf6 3. Bf4 a6 4. e3 e6 5. Nf3 c5 6. dxc5 Bxc5 7. Bd3 Nc6 8. O-O
O-O 9. a3 Re8 10. e4 dxe4 11. Nxe4 Nxe4 12. Bxe4 Qxd1 13. Raxd1 h6 14. Rfe1 f6
15. Bd6 Bxd6 16. Rxd6 Rb8 17. Bxc6 bxc6 18. b3 c5 19. Rc6 Bb7 20. Rxc5 Bxf3 21.
gxf3 e5 22. Re3 Red8 23. f4 exf4 24. Re7 Re8 25. Ra7 f3 26. h3 Kh7 27. Rcc7 Rg8
28. Rxa6 Kg6 29. Kh2 h5 30. Kg3 Rb5 31. h4 Kf5 32. a4 Re5 33. Kxf3 g5 34. hxg5
fxg5 1-0